000 00451nam a22001817a 4500
003 MPLRDC
005 20220104123929.0
008 210129b ||||| |||| 00| 0 eng d
082 _a192.1 WWFR-2
100 _a薇薇夫人编著
245 _a轻松自在做个女人
_c
250 _a再版
260 _a
_b一苇国际股份有限公司
_c1992
300 _b
490 _a好书系列. 2
650 _a修身
942 _cBK
_o192.1 WWFR-2
999 _c15312
_d15302